[Event "SVG Plettenberg 1 - SF Lieme 1"]
[Site "Oberliga NRW 2014/2015"]
[Date "2014.11.16"]
[Round "3.4"]
[White "Jansen, Dirk Norbert"]
[Black "Himpenmacher, Andy"]
[Result "1/2-1/2"]
[WhiteElo "2103"]
[BlackElo "2110"]
[PlyCount "34"]
[EventDate "2014.??.??"]
[WhiteTeam "SVG Plettenberg 1"]
[BlackTeam "SF Lieme 1"]

1. c4 Nf6 2. g3 e6 3. Bg2 d5 4. Nf3 Be7 5. O-O O-O 6. b3 c5 7. Bb2 Nc6 8. d3 b6
9. Nbd2 Bb7 10. e3 Qc7 11. Qe2 Rfd8 12. Rac1 dxc4 13. dxc4 Rd7 14. Rfd1 Rad8
15. Nb1 Rxd1+ 16. Rxd1 Rxd1+ 17. Qxd1 Qd7 1/2-1/2

[Event "SVG Plettenberg 1 - SF Lieme 1"]
[Site "Oberliga NRW 2014/2015"]
[Date "2014.11.16"]
[Round "3.5"]
[White "Schaffarczyk, Andre"]
[Black "Schulze, Marc"]
[Result "1-0"]
[WhiteElo "2115"]
[BlackElo "2094"]
[Annotator "Hausrath,Daniel"]
[PlyCount "95"]
[EventDate "2014.??.??"]
[WhiteTeam "SF Lieme 1"]
[BlackTeam "SVG Plettenberg 1"]

1. e4 c5 2. Nf3 g6 3. d4 cxd4 4. Nxd4 Bg7 5. Nc3 Nc6 6. Be3 Nf6 7. Bc4 Qa5 8.
O-O O-O 9. Bb3 d6 10. h3 Bd7 11. f4 Rac8 12. Qf3 Nxd4 13. Bxd4 Bc6 14. Nd5 Nxd5
15. Bxg7 Kxg7 16. exd5 Ba4 17. Kh2 Bxb3 18. axb3 Qb6 19. c4 a6 20. Qc3+ f6 21.
b4 Qc7 22. Rac1 Qd7 23. Qd4 Rc7 24. Rfe1 Rfc8 $11 25. b3 Rd8 26. Qb6 Rcc8 27.
Re6 Qc7 28. Qe3 Rd7 29. Re1 Kf7 30. f5 Qd8 31. Qf2 Qf8 32. R1e4 g5 33. Qe2 Rcc7
34. Qh5+ Kg8 35. h4 h6 36. hxg5 hxg5 37. Re3 Qf7 38. Qg4 Rc8 39. Rh3 Kg7 40.
Ree3 Rdd8 41. Qe4 Rd7 42. g4 Re8 43. Rh5 Rdd8 44. Kg1 Rc8 45. Reh3 Rh8 46. Qh1
Rxh5 47. Rxh5 Qg8 48. Rh6 1-0

[Event "SVG Plettenberg 1 - SF Lieme 1"]
[Site "Oberliga NRW 2014/2015"]
[Date "2014.11.16"]
[Round "3.6"]
[White "Gutheil, Heinrich"]
[Black "Eckardt, Joshua"]
[Result "1/2-1/2"]
[WhiteElo "2137"]
[BlackElo "2071"]
[Annotator "Hausrath,Daniel"]
[PlyCount "120"]
[EventDate "2014.??.??"]
[WhiteTeam "SVG Plettenberg 1"]
[BlackTeam "SF Lieme 1"]

1. e4 e6 2. d4 d5 3. exd5 exd5 4. c4 Nf6 5. h3 Be7 6. Nf3 O-O 7. Bd3 dxc4 8.
Bxc4 Nbd7 9. O-O Nb6 10. Bb3 c6 11. Nc3 Nbd5 12. Re1 h6 13. Ne5 Be6 14. Ng6 Re8
15. Nxe7+ Rxe7 16. Bd2 Nc7 17. Bf4 Bxb3 18. Qxb3 Ne6 19. Be5 Rd7 20. Rad1 Nd5
21. Ne4 Qf8 22. Qg3 Rad8 23. Nc5 Nxc5 $11 24. dxc5 f5 25. Bd6 Qf6 26. Re2 Kh7
27. Rde1 Qg6 28. Qf3 Nf6 29. Re6 Re8 30. R1e5 Rxe6 31. Rxe6 Qh5 32. Qd3 Ne4 33.
b4 Qf7 34. Re5 Qf6 35. Qd4 Nxd6 36. f4 a6 37. Qd3 $11 Rd8 38. cxd6 Rxd6 39.
Qxf5+ Qxf5 40. Rxf5 Kg8 41. a4 Rd4 42. b5 cxb5 43. axb5 a5 44. b6 a4 45. Ra5
Rb4 46. Ra7 Rxb6 47. Rxa4 $11 Rb2 48. Kh2 Kf7 49. Rc4 Kf6 50. Kg3 b5 51. Rc5 b4
52. Kf3 Rb1 53. Rc6+ Kf7 54. Rc7+ Kg8 55. Rb7 b3 56. Kg4 b2 57. Kf5 Kh7 58. g4
Rh1 59. Rxb2 Rxh3 60. Rb7 Ra3 1/2-1/2

[Event "SVG Plettenberg 1 - SF Lieme 1"]
[Site "Oberliga NRW 2014/2015"]
[Date "2014.11.16"]
[Round "3.7"]
[White "Stork, Holger"]
[Black "Pieper, Dawid"]
[Result "0-1"]
[WhiteElo "2051"]
[BlackElo "2132"]
[PlyCount "120"]
[EventDate "2014.??.??"]
[WhiteTeam "SF Lieme 1"]
[BlackTeam "SVG Plettenberg 1"]

1. e4 e5 2. Bc4 Nf6 3. d3 Nc6 4. Nf3 Be7 5. O-O O-O 6. Re1 d6 7. a4 h6 8. c3
Nh7 9. Be3 Ng5 10. Nxg5 Bxg5 11. Nd2 Kh7 12. Qh5 g6 13. Bxg5 Qxg5 14. Qxg5 hxg5
15. a5 a6 16. b4 Na7 17. Rad1 g4 18. Nf1 Nc6 19. Ne3 Ne7 20. d4 exd4 21. cxd4
Nc6 22. Nc2 Kg7 23. Bd5 Bd7 24. e5 Rfe8 25. exd6 cxd6 26. Ne3 Nxb4 27. Bb3 Nc6
28. Ba4 Re4 29. Bxc6 Bxc6 30. Nc4 Rxe1+ 31. Rxe1 Rd8 32. Ne3 Re8 33. Rb1 f5 34.
h3 gxh3 35. gxh3 Re4 36. d5 Bb5 37. Rc1 Re7 38. Ng2 Kf6 39. Nf4 Re4 40. Ng2 Ke5
41. Rc7 Kxd5 42. Rg7 Be8 43. Rxb7 Ke6 44. Rb6 Bb5 45. Kh2 g5 46. Rb8 d5 47. Rg8
d4 48. Rxg5 d3 49. Rg6+ Ke7 50. Ne3 Rxe3 51. fxe3 d2 52. Rg1 Be2 53. Kg3 d1=Q
54. Rxd1 Bxd1 55. Kf4 Bc2 56. Kg5 Kf7 57. Kh6 Kf6 58. Kh5 Bd1+ 59. Kh4 Ke5 60.
Kg5 Ke4 0-1

[Event "SVG Plettenberg 1 - SF Lieme 1"]
[Site "Oberliga NRW 2014/2015"]
[Date "2014.11.16"]
[Round "3.8"]
[White "Kuhnen, Thomas"]
[Black "Stukenbrok, Nils"]
[Result "1-0"]
[WhiteElo "2056"]
[BlackElo "1991"]
[Annotator "Hausrath,Daniel"]
[PlyCount "93"]
[EventDate "2014.??.??"]
[WhiteTeam "SVG Plettenberg 1"]
[BlackTeam "SF Lieme 1"]

1. e4 c6 2. d4 d5 3. e5 Bf5 4. Nc3 e6 5. g4 Bg6 6. Nge2 c5 7. Bg2 Nc6 8. h4 h5
9. dxc5 hxg4 10. h5 Rxh5 11. Rxh5 Bxh5 12. Nf4 Qh4 13. b4 Nxb4 14. Qe2 O-O-O
15. Be3 Ne7 16. O-O-O g5 17. Rh1 Qxh1+ 18. Bxh1 gxf4 19. Bxf4 Ng6 20. Bg3 Bxc5
21. Qb5 Na6 22. Bg2 Bd4 23. Nxd5 exd5 24. Bxd5 Nc5 25. Bxf7 Nf4 26. Bxh5 Nxh5
27. Bh4 Rh8 28. c3 Bxe5 29. Qxc5+ Bc7 30. Kc2 Kb8 31. a4 g3 32. fxg3 Nxg3 33.
Qd4 Rg8 34. Qd5 Re8 $11 35. Qf7 Rh8 36. Bf6 Rc8 37. Qe6 Nh5 38. Be5 Ng3 39.
Bxc7+ Rxc7 40. Qe8+ Rc8 41. Qe5+ Ka8 42. Qxg3 a6 43. Qg5 Ka7 44. Kd3 b6 45. a5
b5 46. Qe7+ Ka8 47. Qd6 1-0

[Event "SV Mülheim-Nord 2 - Klub Kölner SF 1"]
[Site "Oberliga NRW 2014/2015"]
[Date "2014.12.14"]
[Round "4.1"]
[White "Morawietz, Dieter"]
[Black "Rezasade, Amir"]
[Result "1-0"]
[WhiteElo "2388"]
[BlackElo "2259"]
[Annotator "Hausrath,Daniel"]
[PlyCount "75"]
[EventDate "2014.??.??"]
[WhiteTeam "Klub Kölner SF 1"]
[BlackTeam "SV Mülheim-Nord 2"]

1. e4 c6 2. d4 d5 3. e5 Bf5 4. Nf3 e6 5. Be2 c5 6. O-O Nc6 7. c3 cxd4 8. cxd4
Nge7 9. Nc3 Bg6 10. Nh4 Nf5 11. Nxf5 Bxf5 12. Be3 Be7 13. Rc1 O-O 14. Na4 f6
15. exf6 Bxf6 16. Nc5 Qe7 17. g4 Bg6 18. f4 h6 19. Qd2 Bh4 20. Bf3 Rad8 $11 21.
b4 Nb8 22. b5 Bh7 23. a4 g5 24. fxg5 hxg5 25. Nd3 Bxd3 26. Qxd3 Qh7 27. Qd2 Qg6
28. Be2 Rxf1+ 29. Rxf1 Rf8 30. Rxf8+ Kxf8 31. Bd3 Qg7 32. Qc1 Nd7 33. Qc8+ Ke7
34. Qxb7 Qf7 35. Kg2 Kf6 36. Qxa7 Qe7 37. Qc7 Qa3 38. Qd8+ 1-0

[Event "SV Mülheim-Nord 2 - Klub Kölner SF 1"]
[Site "Oberliga NRW 2014/2015"]
[Date "2014.12.14"]
[Round "4.2"]
[White "Nabuurs, Joep"]
[Black "Helbig, Mark"]
[Result "1-0"]
[WhiteElo "2257"]
[BlackElo "2264"]
[PlyCount "91"]
[EventDate "2014.??.??"]
[WhiteTeam "SV Mülheim-Nord 2"]
[BlackTeam "Klub Kölner SF 1"]

1. e4 c6 2. d4 d5 3. exd5 cxd5 4. c4 Nf6 5. Nc3 Nc6 6. Bg5 e6 7. c5 Be7 8. Nf3
O-O 9. Bb5 Bd7 10. O-O Ne4 11. Bxe7 Qxe7 12. Re1 Rfd8 13. Re3 Ng5 14. Nxg5 Qxg5
15. Bxc6 bxc6 16. Qd2 e5 17. h4 Qh6 18. dxe5 Qxh4 19. Ne2 d4 20. Qxd4 Qe7 21.
Qd6 Qe8 22. Qd4 Be6 23. Qh4 Rd7 24. Ng3 Rad8 25. Ne4 Rd4 26. Rg3 Kh8 27. Qg5
Qf8 28. Nd6 Rd5 29. Qe3 f6 30. exf6 Qxf6 31. Re1 Bg8 32. b4 Rb8 33. a3 a5 34.
bxa5 Ra8 35. Rf3 Qd4 36. Qxd4 Rxd4 37. Re7 Bd5 38. Rg3 g6 39. Rh3 h5 40. Rg3
Rxa5 41. Rxg6 Rg4 42. Rh6+ Kg8 43. Re8+ Kg7 44. Nf5+ Kf7 45. Re7+ Kf8 46. Rf6+
1-0

[Event "SV Mülheim-Nord 2 - Klub Kölner SF 1"]
[Site "Oberliga NRW 2014/2015"]
[Date "2014.12.14"]
[Round "4.3"]
[White "Wacker, Peter"]
[Black "Wittenberg, Andreas"]
[Result "0-1"]
[WhiteElo "2281"]
[BlackElo "2167"]
[PlyCount "68"]
[EventDate "2014.??.??"]
[WhiteTeam "Klub Kölner SF 1"]
[BlackTeam "SV Mülheim-Nord 2"]

1. d4 e6 2. c4 Bb4+ 3. Nc3 c5 4. e3 Bxc3+ 5. bxc3 d6 6. Bd3 e5 7. f4 exf4 8.
exf4 Qf6 9. Nf3 Ne7 10. O-O O-O 11. Ng5 Bf5 12. g4 Bxd3 13. Qxd3 g6 14. Qh3 Qg7
15. f5 gxf5 16. gxf5 f6 17. Kh1 fxg5 18. Bxg5 Kh8 19. Bh6 Qf6 20. Bxf8 Qxf8 21.
f6 Ng6 22. Rab1 b6 23. Rbe1 Na6 24. Qd7 Rd8 25. Qxa7 Nb8 26. Qxb6 Nd7 27. Qc7
Nxf6 28. Re6 Rd7 29. Qxd7 Qa8+ 30. Kg1 Nxd7 31. Rxd6 Qe8 32. Kg2 Qe4+ 33. Kg3
Qh4+ 34. Kg2 Qg4+ 0-1

[Event "SV Mülheim-Nord 2 - Klub Kölner SF 1"]
[Site "Oberliga NRW 2014/2015"]
[Date "2014.12.14"]
[Round "4.4"]
[White "Buckels, Valentin"]
[Black "Ludwig, Peter"]
[Result "1/2-1/2"]
[WhiteElo "2141"]
[BlackElo "2162"]
[PlyCount "100"]
[EventDate "2014.??.??"]
[WhiteTeam "SV Mülheim-Nord 2"]
[BlackTeam "Klub Kölner SF 1"]

1. d4 e6 2. c4 Nf6 3. Nc3 Bb4 4. e3 O-O 5. Nge2 d5 6. a3 Be7 7. Nf4 c6 8. cxd5
exd5 9. Bd3 Nbd7 10. O-O Bd6 11. Qf3 Re8 12. b4 a6 13. Bd2 Nf8 14. h3 Qe7 15.
Rac1 Ng6 16. Nxg6 hxg6 17. Na4 Ne4 18. Bxe4 dxe4 19. Qe2 Bc7 20. f4 exf3 21.
Qxf3 Bf5 22. Nc5 Qd6 23. e4 Qxd4+ 24. Be3 Qe5 25. exf5 Qxe3+ 26. Qxe3 Rxe3 27.
fxg6 fxg6 28. Nxb7 Rxa3 29. Rxc6 Be5 30. Rxg6 Rb8 31. Na5 Rxb4 32. Nc6 Bd4+ 33.
Kh1 Rb6 34. Ne7+ Kh7 35. Rg4 Ra1 36. Rxa1 Bxa1 37. Rh4+ Rh6 38. Ra4 Be5 39. Nf5
Rf6 40. g4 g6 41. Ne7 Rd6 42. Ra5 Bc3 43. Rc5 Rd3 44. Nd5 Bd4 45. Ra5 Rxh3+ 46.
Kg2 Rb3 47. Rxa6 Kh6 48. Nf4 Bb6 49. Nd5 Bd4 50. Nf4 Bb6 1/2-1/2

[Event "SV Mülheim-Nord 2 - Klub Kölner SF 1"]
[Site "Oberliga NRW 2014/2015"]
[Date "2014.12.14"]
[Round "4.5"]
[White "Bonnmann, Reinhard"]
[Black "Nachbar, Benjamin"]
[Result "1-0"]
[WhiteElo "2183"]
[BlackElo "2159"]
[Annotator "Hausrath,Daniel"]
[PlyCount "75"]
[EventDate "2014.??.??"]
[WhiteTeam "Klub Kölner SF 1"]
[BlackTeam "SV Mülheim-Nord 2"]

1. d4 b6 2. Nf3 Bb7 3. g3 e6 4. Bg2 f5 5. O-O Nf6 6. c4 g6 7. Nc3 Bg7 8. d5 Na6
9. Bf4 O-O 10. Rc1 Re8 11. a3 Nc5 12. Nb5 d6 13. b4 Nce4 14. dxe6 Rxe6 15. Nfd4
Re7 16. f3 a6 17. fxe4 axb5 18. exf5 Bxg2 19. Kxg2 Rxa3 20. cxb5 Qe8 21. Rc2
Ng4 22. Ne6 gxf5 $11 23. Nxg7 Kxg7 24. Qd4+ Kg6 25. Kg1 Ne3 26. Bxe3 Raxe3 27.
g4 R7e4 28. gxf5+ Kh5 29. Qd5 Rg4+ 30. Kh1 Re5 31. Qf3 Re3 32. Qd5 Re5 33. Qc6
Qg8 34. Qf3 Qg5 35. f6 Rf5 36. Qh3+ Kg6 37. e4 Rxe4 38. Qxf5+ 1-0

[Event "SV Mülheim-Nord 2 - Klub Kölner SF 1"]
[Site "Oberliga NRW 2014/2015"]
[Date "2014.12.14"]
[Round "4.6"]
[White "van Osch, Mees"]
[Black "Wisskirchen, Andreas"]
[Result "1-0"]
[WhiteElo "2304"]
[BlackElo "2179"]
[PlyCount "95"]
[EventDate "2014.??.??"]
[WhiteTeam "SV Mülheim-Nord 2"]
[BlackTeam "Klub Kölner SF 1"]

1. e4 c5 2. Nf3 d6 3. d4 cxd4 4. Nxd4 Nf6 5. Nc3 g6 6. f3 Bg7 7. Be3 O-O 8. Qd2
Nc6 9. g4 Nxd4 10. Bxd4 Be6 11. h4 Qa5 12. h5 Rfc8 13. hxg6 hxg6 14. a3 b5 15.
b4 Qc7 16. Nxb5 Qxc2 17. Qxc2 Rxc2 18. Bd3 Rg2 19. Rc1 Ra2 20. Bb1 a6 21. Nc7
Rc8 22. Bxa2 Bxa2 23. O-O Bh6 24. Rc2 Bb3 25. Rc3 Ba4 26. Bxf6 exf6 27. Nd5
Rxc3 28. Nxc3 Bc2 29. f4 f5 30. exf5 gxf5 31. Rc1 Bb3 32. g5 Bg7 33. Ne2 d5 34.
Kf2 Bc4 35. Rc2 Bf8 36. Nd4 a5 37. Rb2 axb4 38. axb4 f6 39. g6 Bd6 40. Ke3 Bc7
41. Nxf5 Bb6+ 42. Nd4 f5 43. Rh2 Kg7 44. Rh7+ Kxg6 45. Rd7 Kh5 46. Rb7 Bxd4+
47. Kxd4 Kg4 48. Ke3 1-0

[Event "SV Mülheim-Nord 2 - Klub Kölner SF 1"]
[Site "Oberliga NRW 2014/2015"]
[Date "2014.12.14"]
[Round "4.7"]
[White "Meertens, Martin"]
[Black "Krueger, Andre"]
[Result "1/2-1/2"]
[WhiteElo "2102"]
[BlackElo "2090"]
[PlyCount "40"]
[EventDate "2014.??.??"]
[WhiteTeam "Klub Kölner SF 1"]
[BlackTeam "SV Mülheim-Nord 2"]

1. e4 c5 2. Nf3 e6 3. d4 cxd4 4. Nxd4 Nf6 5. Bd3 Nc6 6. Nxc6 bxc6 7. O-O d5 8.
Nd2 Be7 9. b3 c5 10. Bb2 O-O 11. Qe2 d4 12. Nc4 Nd7 13. e5 Ba6 14. Rfd1 Nb6 15.
c3 Nxc4 16. Bxc4 Bxc4 17. Qxc4 Qa5 18. cxd4 cxd4 19. Bxd4 Rfd8 20. Rac1 Bg5
1/2-1/2

[Event "SV Mülheim-Nord 2 - Klub Kölner SF 1"]
[Site "Oberliga NRW 2014/2015"]
[Date "2014.12.14"]
[Round "4.8"]
[White "Heimsoth, Sven-Holger"]
[Black "Goldenstein, Arnd"]
[Result "1/2-1/2"]
[WhiteElo "2051"]
[BlackElo "1958"]
[PlyCount "51"]
[EventDate "2014.??.??"]
[WhiteTeam "SV Mülheim-Nord 2"]
[BlackTeam "Klub Kölner SF 1"]

1. Nf3 d5 2. g3 Nf6 3. Bg2 c5 4. O-O Nc6 5. d4 Bf5 6. c4 e6 7. Nc3 cxd4 8. Nxd4
Bg6 9. cxd5 exd5 10. Bg5 Be7 11. Qa4 Qd7 12. Rfd1 O-O 13. Bxf6 Bxf6 14. Rac1
Rfd8 15. Nxc6 bxc6 16. e4 Qb7 17. exd5 Qxb2 18. Qb3 Qxb3 19. axb3 Bxc3 20. Rxc3
cxd5 21. Rxd5 Rxd5 22. Bxd5 Rd8 23. b4 Kf8 24. Rc5 Bd3 25. b5 Rb8 26. Bc6
1/2-1/2

[Event "SV Dinslaken 1 - SV Würselen 1"]
[Site "Oberliga NRW 2014/2015"]
[Date "2014.12.14"]
[Round "4.1"]
[White "Hovhannisyan, Mher"]
[Black "Sielecki, Christof"]
[Result "1/2-1/2"]
[WhiteElo "2507"]
[BlackElo "2452"]
[PlyCount "27"]
[EventDate "2014.??.??"]
[WhiteTeam "SV Würselen 1"]
[BlackTeam "SV Dinslaken 1"]

1. Nf3 c5 2. g3 g6 3. Bg2 Bg7 4. O-O Nc6 5. c4 e6 6. Nc3 Nge7 7. e3 O-O 8. d4
cxd4 9. Nxd4 Nxd4 10. exd4 d5 11. cxd5 Nxd5 12. Nxd5 exd5 13. Be3 Be6 14. Qb3
1/2-1/2

[Event "SV Dinslaken 1 - SV Würselen 1"]
[Site "Oberliga NRW 2014/2015"]
[Date "2014.12.14"]
[Round "4.2"]
[White "Trella, Thomas"]
[Black "Docx, Stefan"]
[Result "1/2-1/2"]
[WhiteElo "2378"]
[BlackElo "2436"]
[Annotator "Hausrath,Daniel"]
[PlyCount "96"]
[EventDate "2014.??.??"]
[WhiteTeam "SV Dinslaken 1"]
[BlackTeam "SV Würselen 1"]

1. Nf3 c5 2. c4 Nc6 3. g3 g6 4. Bg2 Bg7 5. Nc3 e6 6. e3 Nge7 7. d4 cxd4 8. Nxd4
O-O 9. O-O Nxd4 10. exd4 d5 11. cxd5 Nxd5 12. Nxd5 exd5 13. Be3 Be6 14. Qb3 Qb6
15. Rfc1 $11 Rfc8 16. Bxd5 Bxd5 17. Qxd5 Rd8 18. Qb3 Qxb3 19. axb3 Bxd4 20.
Bxd4 Rxd4 21. Rc7 Rb4 22. Rd1 Rxb3 23. Rdd7 Rf3 24. Rxb7 a6 25. Ra7 Re8 26. Kf1
Re6 27. h4 h6 28. Kg2 Ref6 29. Rd2 Rb3 30. Rc7 Kg7 31. Re2 Rb4 32. Rc3 Rfb6 33.
Ra3 g5 34. hxg5 hxg5 35. Re5 R6b5 36. Ree3 a5 37. b3 Kg6 38. Ra2 Rd4 39. Rc2 f6
40. f3 Rdb4 41. Ra2 Rd4 42. Rc2 Rd7 43. g4 Rdb7 44. Rcc3 R5b6 45. Kg3 Rh7 46.
Rc8 Rhb7 47. Rcc3 Ra6 48. Rc8 Rab6 1/2-1/2

[Event "SV Dinslaken 1 - SV Würselen 1"]
[Site "Oberliga NRW 2014/2015"]
[Date "2014.12.14"]
[Round "4.3"]
[White "Cekro, Ekrem"]
[Black "Kern, Guido"]
[Result "1/2-1/2"]
[WhiteElo "2367"]
[BlackElo "2295"]
[PlyCount "51"]
[EventDate "2014.??.??"]
[WhiteTeam "SV Würselen 1"]
[BlackTeam "SV Dinslaken 1"]

1. c4 c5 2. Nc3 g6 3. g3 Bg7 4. Bg2 Nc6 5. a3 b6 6. e4 Bb7 7. Nge2 d6 8. O-O e6
9. Rb1 Nge7 10. b4 Qd7 11. d3 O-O 12. Bg5 h6 13. Be3 Nd4 14. a4 Nec6 15. b5
Nxe2+ 16. Nxe2 Nd4 17. Nxd4 cxd4 18. Bd2 a5 19. f4 f5 20. Qe2 Rae8 21. e5 dxe5
22. fxe5 Bxg2 23. Qxg2 Rc8 24. Rfe1 g5 25. Bc1 Rf7 26. Ba3 1/2-1/2

[Event "SV Dinslaken 1 - SV Würselen 1"]
[Site "Oberliga NRW 2014/2015"]
[Date "2014.12.14"]
[Round "4.4"]
[White "Mundorf, Johannes"]
[Black "Beukema, Stefan"]
[Result "0-1"]
[WhiteElo "2248"]
[BlackElo "2285"]
[PlyCount "72"]
[EventDate "2014.??.??"]
[WhiteTeam "SV Dinslaken 1"]
[BlackTeam "SV Würselen 1"]

1. Nf3 f5 2. g3 Nf6 3. Bg2 g6 4. b4 Bg7 5. Bb2 d6 6. d4 O-O 7. c4 Qe8 8. Nc3 c6
9. O-O e5 10. dxe5 dxe5 11. e4 f4 12. Qd3 Na6 13. a3 Bg4 14. Rad1 Bxf3 15. Qxf3
g5 16. gxf4 exf4 17. Bh3 g4 18. Bxg4 Qg6 19. h3 h5 20. Qg2 hxg4 21. f3 g3 22.
e5 Nh7 23. Rd7 Bxe5 24. Nd5 cxd5 25. Bxe5 Rf7 26. Rxf7 Qxf7 27. Ba1 Rd8 28.
cxd5 Nf8 29. Qb2 Ng6 30. Re1 Nc7 31. Qd4 Rxd5 32. Qxa7 Ne6 33. Qa4 Ng5 34. Qa8+
Kh7 35. Rf1 Nxh3+ 36. Kh1 Rd2 0-1

[Event "SV Dinslaken 1 - SV Würselen 1"]
[Site "Oberliga NRW 2014/2015"]
[Date "2014.12.14"]
[Round "4.5"]
[White "Goossens, Etienne"]
[Black "Stillger, Bernhard"]
[Result "0-1"]
[WhiteElo "2177"]
[BlackElo "2193"]
[PlyCount "76"]
[EventDate "2014.??.??"]
[WhiteTeam "SV Würselen 1"]
[BlackTeam "SV Dinslaken 1"]

1. d4 Nf6 2. c4 e6 3. Nc3 Bb4 4. Nf3 Bxc3+ 5. bxc3 d6 6. Bg5 Nbd7 7. Nd2 h6 8.
Bh4 Qe7 9. e4 e5 10. f3 c5 11. Be2 Nf8 12. Bf2 Ng6 13. g3 O-O 14. O-O Nh7 15.
h4 f5 16. exf5 Bxf5 17. h5 Nh8 18. g4 Be6 19. dxc5 dxc5 20. Ne4 b6 21. Qe1 Nf7
22. Bh4 Nfg5 23. Rd1 Rad8 24. Kg2 Qf7 25. Bxg5 Nxg5 26. Nxg5 hxg5 27. Bd3 Rxd3
28. Rxd3 Bxc4 29. Qe4 Bxd3 30. Qxd3 Qxa2+ 31. Rf2 Qe6 32. Re2 a5 33. Re4 Rf4
34. Qd8+ Kh7 35. Qxg5 Rxe4 36. fxe4 a4 37. h6 gxh6 38. Qh5 a3 0-1

[Event "SV Dinslaken 1 - SV Würselen 1"]
[Site "Oberliga NRW 2014/2015"]
[Date "2014.12.14"]
[Round "4.6"]
[White "Ossig, Rainer"]
[Black "Weimann, Maximilian"]
[Result "1/2-1/2"]
[WhiteElo "2125"]
[BlackElo "2153"]
[Annotator "Hausrath,Daniel"]
[PlyCount "64"]
[EventDate "2014.??.??"]
[WhiteTeam "SV Dinslaken 1"]
[BlackTeam "SV Würselen 1"]

1. Nf3 d5 2. g3 Nf6 3. Bg2 e6 4. c4 d4 5. b4 Bxb4 6. Qa4+ Nc6 7. Ne5 Rb8 8.
Nxc6 bxc6 9. Qxa7 Rb6 10. Qa4 Qd6 11. O-O h5 12. h4 e5 13. d3 O-O 14. a3 Ra6
15. Qc2 Ng4 16. Ra2 Bc5 17. Nd2 Bxa3 18. Rxa3 Rxa3 19. c5 Rc3 20. Qxc3 dxc3 21.
cxd6 cxd2 22. Bxd2 cxd6 23. Bxc6 Be6 24. Ra1 Nf6 25. Ra8 Rxa8 26. Bxa8 Bd5 27.
Bxd5 Nxd5 28. Ba5 $11 Kf8 29. e4 Nf6 30. f3 Ke7 31. Kf2 Ke6 32. Bd8 Nd7 1/2-1/2

[Event "SV Dinslaken 1 - SV Würselen 1"]
[Site "Oberliga NRW 2014/2015"]
[Date "2014.12.14"]
[Round "4.7"]
[White "Andok, Claus Michael"]
[Black "Walter, Andreas"]
[Result "0-1"]
[WhiteElo "2100"]
[BlackElo "2087"]
[PlyCount "48"]
[EventDate "2014.??.??"]
[WhiteTeam "SV Würselen 1"]
[BlackTeam "SV Dinslaken 1"]

1. Nf3 d5 2. c4 d4 3. e3 Nc6 4. b4 dxe3 5. fxe3 Nxb4 6. Qa4+ Nc6 7. d4 Bd7 8.
Qd1 e5 9. d5 Nb4 10. a3 e4 11. Nd4 Na6 12. Be2 Bd6 13. g3 f5 14. Bb2 Qg5 15.
Bh5+ Ke7 16. Kf2 Nf6 17. Be2 Nc5 18. Kg2 h5 19. Nc3 h4 20. Ne6 Bxe6 21. dxe6
hxg3 22. h3 Qxe3 23. Nd5+ Nxd5 24. Bd4 Nf4+ 0-1

[Event "SV Dinslaken 1 - SV Würselen 1"]
[Site "Oberliga NRW 2014/2015"]
[Date "2014.12.14"]
[Round "4.8"]
[White "Cebulla, Konstantin"]
[Black "Hamblok, Roel"]
[Result "0-1"]
[WhiteElo "2054"]
[BlackElo "2206"]
[PlyCount "62"]
[EventDate "2014.??.??"]
[WhiteTeam "SV Dinslaken 1"]
[BlackTeam "SV Würselen 1"]

1. d4 Nf6 2. c4 e6 3. g3 Bb4+ 4. Bd2 Qe7 5. Nf3 Nc6 6. Nc3 O-O 7. Bg2 d6 8. O-O
a5 9. d5 Nb8 10. Ne1 e5 11. e4 Na6 12. Nd3 Nc5 13. Nxc5 Bxc5 14. Qc2 Bd7 15.
Rae1 c6 16. Be3 Bxe3 17. Rxe3 Rfc8 18. Qd2 a4 19. dxc6 bxc6 20. Rd3 Be6 21. Rd1
Bxc4 22. Rxd6 Be6 23. Qc2 Ne8 24. R6d2 Qc5 25. h3 h6 26. Kh2 Nc7 27. Rc1 Qa5
28. Bf1 Qb4 29. Qd3 Kh7 30. Qd6 Qa5 31. Nd1 Ne8 0-1

[Event "PSV Duisburg 1 - SVG Plettenberg 1"]
[Site "Oberliga NRW 2014/2015"]
[Date "2014.12.14"]
[Round "4.1"]
[White "Haub, Thorsten Michael"]
[Black "Fleck, Juergen"]
[Result "1/2-1/2"]
[WhiteElo "2385"]
[BlackElo "2329"]
[PlyCount "81"]
[EventDate "2014.??.??"]
[WhiteTeam "SVG Plettenberg 1"]
[BlackTeam "PSV Duisburg 1"]

1. Nf3 d5 2. g3 Bg4 3. Bg2 Nd7 4. d3 e6 5. O-O Bd6 6. c4 c6 7. Qc2 Ne7 8. Nc3
O-O 9. e4 dxc4 10. dxc4 Qc7 11. Rb1 a5 12. a3 Ne5 13. Nxe5 Bxe5 14. Be3 Bxc3
15. Qxc3 e5 16. b4 axb4 17. Qxb4 Rfb8 18. f3 Be6 19. Bb6 Qd7 20. Rfd1 Qe8 21.
Bc7 Rc8 22. Bxe5 c5 23. Qc3 f6 24. Bd6 Nc6 25. Bxc5 Ne5 26. Bb4 Nxc4 27. Qd4
Rd8 28. Qc5 Qa4 29. Rxd8+ Rxd8 30. Bf1 b6 31. Qf2 Nxa3 32. Qxb6 Nxb1 33. Qxd8+
Kf7 34. Qe7+ Kg6 35. f4 Qb3 36. f5+ Kh6 37. Qxe6 Qxb4 38. h4 Nd2 39. Bg2 Qd4+
40. Kh1 Qf2 41. Qd5 1/2-1/2

[Event "PSV Duisburg 1 - SVG Plettenberg 1"]
[Site "Oberliga NRW 2014/2015"]
[Date "2014.12.14"]
[Round "4.2"]
[White "Schiffer, Kai-Uwe"]
[Black "Bosch, Jeroen"]
[Result "1/2-1/2"]
[WhiteElo "2234"]
[BlackElo "2342"]
[PlyCount "58"]
[EventDate "2014.??.??"]
[WhiteTeam "PSV Duisburg 1"]
[BlackTeam "SVG Plettenberg 1"]

1. e4 c5 2. Nf3 d6 3. d4 cxd4 4. Nxd4 Nf6 5. Nc3 g6 6. Be3 Bg7 7. f3 Nc6 8. Qd2
O-O 9. g4 Be6 10. Nxe6 fxe6 11. O-O-O Rc8 12. Nb5 a6 13. Nd4 Nxd4 14. Bxd4 Qc7
15. Bd3 Nd7 16. Bxg7 Kxg7 17. f4 Nc5 18. Kb1 Qb6 19. Qe3 Na4 20. Qxb6 Nxb6 21.
Rhf1 Nc4 22. Bxc4 Rxc4 23. Rde1 e5 24. f5 gxf5 25. gxf5 Kf7 26. Rg1 Rg8 27.
Rxg8 Kxg8 28. c3 Kf7 29. Kc2 Kf6 1/2-1/2

[Event "PSV Duisburg 1 - SVG Plettenberg 1"]
[Site "Oberliga NRW 2014/2015"]
[Date "2014.12.14"]
[Round "4.3"]
[White "Klip, Hans"]
[Black "Schmitz, Joachim"]
[Result "1/2-1/2"]
[WhiteElo "2316"]
[BlackElo "2208"]
[Annotator "Hausrath,Daniel"]
[PlyCount "55"]
[EventDate "2014.??.??"]
[WhiteTeam "SVG Plettenberg 1"]
[BlackTeam "PSV Duisburg 1"]

1. e4 c5 2. Nf3 Nc6 3. Bb5 d6 4. O-O Bd7 5. c3 Nf6 6. Re1 a6 7. Bxc6 Bxc6 8. d4
Bxe4 9. Bg5 d5 10. dxc5 e6 11. Bxf6 gxf6 12. Nbd2 Bg6 13. c4 Bxc5 14. Qb3 O-O
15. Qxb7 Qb8 $11 16. Qxb8 Rfxb8 17. cxd5 Rxb2 18. dxe6 fxe6 19. Rxe6 Rd8 20.
Rc6 Rd5 21. h4 a5 22. a4 Bb6 23. Rac1 Kg7 24. g4 Be8 25. R6c2 Rxc2 26. Rxc2
Bxa4 27. Rc3 Bd1 28. Kg2 1/2-1/2

[Event "PSV Duisburg 1 - SVG Plettenberg 1"]
[Site "Oberliga NRW 2014/2015"]
[Date "2014.12.14"]
[Round "4.4"]
[White "Wengenroth, Walter"]
[Black "Jansen, Dirk Norbert"]
[Result "1-0"]
[WhiteElo "2200"]
[BlackElo "2103"]
[Annotator "Hausrath,Daniel"]
[PlyCount "51"]
[EventDate "2014.??.??"]
[WhiteTeam "PSV Duisburg 1"]
[BlackTeam "SVG Plettenberg 1"]

1. d4 e6 2. c4 b6 3. Nc3 Bb4 4. e3 Bb7 5. Nge2 f5 6. a3 Bxc3+ 7. Nxc3 Nf6 8. d5
O-O 9. Be2 e5 10. f4 Re8 11. fxe5 Rxe5 12. O-O a5 13. b3 Na6 14. Bb2 g6 $11 15.
Bf3 Rxe3 16. Qd4 Re8 17. Rae1 Rf8 18. Bd1 c5 19. Qd2 Nc7 20. Bc2 d6 21. Bxf5
gxf5 22. Qg5+ Kh8 23. Rxf5 Bc8 24. Rff1 Nce8 25. Ne4 Rg8 26. Rxf6 1-0